Destinations 2 : (Record no. 18398)
[ view plain ]
| 000 -LEADER | |
|---|---|
| fixed length control field | 01326nam a22003495a 4500 |
| 001 - CONTROL NUMBER | |
| control field | 14770513 |
| 003 - CONTROL NUMBER IDENTIFIER | |
| control field | EG-ScBUE |
| 005 - DATE AND TIME OF LATEST TRANSACTION | |
| control field | 20220612100243.0 |
| 008 - FIXED-LENGTH DATA ELEMENTS--GENERAL INFORMATION | |
| fixed length control field | 140922t2007 maua f 000 0 eng d |
| 020 ## - INTERNATIONAL STANDARD BOOK NUMBER | |
| International Standard Book Number | 9781413022483 |
| 020 ## - INTERNATIONAL STANDARD BOOK NUMBER | |
| International Standard Book Number | 1413022480 |
| 040 ## - CATALOGING SOURCE | |
| Original cataloging agency | EDG-ScBUE |
| Language of cataloging | eng |
| Description conventions | rda |
| Transcribing agency | EDG-ScBUE |
| Modifying agency | EG-ScBUE |
| 082 04 - DEWEY DECIMAL CLASSIFICATION NUMBER | |
| Classification number | 428.2 |
| Item number | HER |
| Edition number | 22 |
| 100 1# - MAIN ENTRY--PERSONAL NAME | |
| Personal name | Herzfeld-Pipkin, Nancy, |
| Dates associated with a name | 1951- |
| Relator term | author. |
| 9 (RLIN) | 2822 |
| 245 10 - TITLE STATEMENT | |
| Title | Destinations 2 : |
| Remainder of title | writing and grammar for academic success : instructor's manual / |
| Statement of responsibility, etc | Nancy Herzfeld-Pipkin, Tania Maundrell-Brown. |
| 246 3# - VARYING FORM OF TITLE | |
| Title proper/short title | Destination two |
| Remainder of title | writing and grammar for academic success : instructor's manual |
| 264 #1 - PUBLICATION, DISTRIBUTION, ETC. (IMPRINT) | |
| Place of publication, distribution, etc | Boston, Massachusetts : |
| Name of publisher, distributor, etc | Thomson Heinle, |
| Date of publication, distribution, etc | [2007] |
| 264 #4 - PUBLICATION, DISTRIBUTION, ETC. (IMPRINT) | |
| Date of publication, distribution, etc | c2007 |
| 300 ## - PHYSICAL DESCRIPTION | |
| Extent | iv, 124 pages ; |
| Dimensions | 28 cm |
| 336 ## - CONTENT TYPE | |
| Source | rdacontent |
| Content type term | text |
| Content type code | txt |
| 337 ## - MEDIA TYPE | |
| Source | rdamedia |
| Media type term | unmediated |
| Media type code | n |
| 338 ## - CARRIER TYPE | |
| Source | rdacarrier |
| Carrier type term | volume |
| Carrier type code | nc |
| 590 ## - LOCAL NOTE (RLIN) | |
| Local note | Mohamed Hussein |
| 650 #7 - SUBJECT ADDED ENTRY--TOPICAL TERM | |
| Topical term or geographic name as entry element | English language |
| General subdivision | Grammar |
| Form subdivision | Problems, exercises, etc. |
| 9 (RLIN) | 13890 |
| Source of heading or term | BUEsh |
| 650 #7 - SUBJECT ADDED ENTRY--TOPICAL TERM | |
| Topical term or geographic name as entry element | English language |
| General subdivision | Rhetoric |
| Form subdivision | Problems, exercises, etc. |
| 9 (RLIN) | 10260 |
| Source of heading or term | BUEsh |
| 650 #7 - SUBJECT ADDED ENTRY--TOPICAL TERM | |
| Topical term or geographic name as entry element | Report writing |
| Form subdivision | Problems, exercises, etc. |
| 9 (RLIN) | 7241 |
| Source of heading or term | BUEsh |
| 651 ## - SUBJECT ADDED ENTRY--GEOGRAPHIC NAME | |
| Source of heading or term | BUEsh |
| 653 ## - INDEX TERM--UNCONTROLLED | |
| Arrived date list | August2015 |
| Resource For college | Humanities: English |
| 655 ## - INDEX TERM--GENRE/FORM | |
| Form subdivision | Reading book |
| 9 (RLIN) | 34232 |
| 700 1# - ADDED ENTRY--PERSONAL NAME | |
| Personal name | Maundrell-Brown, Tania, |
| Relator term | author. |
| 9 (RLIN) | 1582 |
| 942 ## - ADDED ENTRY ELEMENTS (KOHA) | |
| Source of classification or shelving scheme | Dewey Decimal Classification |
| Koha item type | Book - Borrowing |
| Call number prefix | 428.2 HER |
| Withdrawn status | Lost status | Source of classification or shelving scheme | Damaged status | Not for loan | Collection code | Home library | Current library | Shelving location | Date acquired | Source of acquisition | Total Checkouts | Full call number | Barcode | Date last seen | Koha item type | Date checked out | Price effective from |
|---|---|---|---|---|---|---|---|---|---|---|---|---|---|---|---|---|---|
| Dewey Decimal Classification | Baccah | Central Library | Central Library | Second Floor | 22/09/2014 | Purchase | 428.2 HER TR | 000036284 | 15/07/2025 | Book - Teacher Resource | |||||||
| Dewey Decimal Classification | Baccah | Central Library | Central Library | Second Floor | 22/09/2014 | Purchase | 1 | 428.2 HER TR | 000036285 | 15/07/2025 | Book - Teacher Resource | 28/10/2014 | |||||
| Dewey Decimal Classification | Baccah | Central Library | Central Library | Second Floor | 22/09/2014 | Purchase | 428.2 HER TR | 000036286 | 15/07/2025 | Book - Teacher Resource | |||||||
| Dewey Decimal Classification | Baccah | Central Library | Central Library | Second Floor | 22/09/2014 | Purchase | 428.2 HER TR | 000036287 | 15/07/2025 | Book - Teacher Resource | |||||||
| Dewey Decimal Classification | Central Library | Central Library | Second Floor | 24/08/2015 | Purchase | 428.2 HER | 000015004 | 15/07/2025 | Book - Borrowing | 24/08/2015 | |||||||
| Dewey Decimal Classification | Central Library | Central Library | Second Floor | 24/08/2015 | Purchase | 428.2 HER | 000015005 | 15/07/2025 | Book - Borrowing | 24/08/2015 | |||||||
| Dewey Decimal Classification | Central Library | Central Library | Second Floor | 24/08/2015 | Purchase | 428.2 HER | 000015006 | 15/07/2025 | Book - Borrowing | 24/08/2015 |